Informační systémy pro podporu manažerské práce

Na minha lista:
Detalhes bibliográficos
Autor principal: Bébr, Richard
Outros Autores: Doucek, Petr
Formato: Livro
Idioma:tcheco
Publicado em: Praha Professional Publishing 2005
Assuntos:
Tags: Adicionar Tag
Sem tags, seja o primeiro a adicionar uma tag!

MARC

LEADER 00000nam$a2200000$$$4500
001 0033623
005 20220905094737.5
020 |a 80-86419-79-7 
041 0 |a cze 
044 |a CZ 
245 1 0 |a Informační systémy pro podporu manažerské práce  |c Richard Bébr, Petr Doucek 
264 1 |a Praha  |b Professional Publishing  |c 2005 
300 |a 223 s. 
610 2 0 |a systémy informačné 
610 2 0 |a informácie 
610 2 0 |a komunikácia 
610 2 0 |a technológie informačné 
610 2 0 |a technológie komunikačné 
610 2 0 |a ochrana informácií 
610 2 0 |a manažéri 
100 1 |a Bébr, Richard 
700 1 |a Doucek, Petr